000 00932nam a2200289Ia 4500
001 Z_5079
003 CHAP
008 220113s2004 xx 000 0 und d
010 _a168136
040 _cCHAP
090 _aTesis R 1789
100 _aRamírez Luna, Gustavo
_994113
245 _aEvaluación del uso de alfalfa (Medicago sativa) y maíz (Zea mays) orgánicos, en la engorda de conejos (Oryctolagus cuniculus) /
_cpor Gustavo Ramírez Luna y Benjamín Quiñones Cruz
260 _aChapingo, Méx. :
_bEl autor,
_c2004
300 _a58 h.
502 _aTesis (Ing. Agr. Esp. en Zootecnia) -- UACH. Departamento de Zootecnia
650 _aAlimentos orgánicos
_94316
650 _aConejos
_xAlimentación
_926353
650 _aConejos
_xEngorda
_926363
700 _aQuiñones Cruz, Benjamín
_9142404
901 _aTESIS R 1789
902 _aM
910 _a2004
942 _c2
942 _c2
999 _c168136
_d168136